| 000 | 00868nam0a22002771 4500 | ||
|---|---|---|---|
| 001 | rc\3407010 | ||
| 005 | 20250610000137.0 | ||
| 021 |
_aRU _b[73-51658] |
||
| 035 | _a(NLR Aleph) 007576075 | ||
| 090 |
_a5457461 _c5457461 |
||
| 100 | _a20130115d1973 |||y0rusy50 ca | ||
| 101 | 0 | _arus | |
| 102 | _aRU | ||
| 105 | _aa z ||||| | ||
| 200 | 1 | _aТриптофан (в норме и патологии) | |
| 210 |
_aЛенинград _cМедицина. Ленингр. отд-ние _d1973 |
||
| 215 |
_a167 с. _cчерт. _d20 |
||
| 320 | _aСписок лит.: с. 145-165 | ||
| 532 | 1 | 3 | _aТриптофан в норме и патологии |
| 606 |
_aТриптофан _2psbo |
||
| 700 | 1 |
_aРудзит _bВ.К. _gВера Карловна |
|
| 801 | 0 |
_aRU _bNLR _gpsbo |
|
| 801 | 1 |
_aRU _bELAR _2rusmarc |
|
| 852 |
_aNLR _j73-3/4366 |
||
| 942 | _cBOOK | ||
| 980 | _aNB | ||